Orthos (2ª Parte). Para aprender simultáneamente Ortografía y Caligrafía.

Gespeichert in:
Bibliographische Detailangaben
Format: keine Angabe
Sprache:Spanisch
Erschienen: Barcelona Salvatella
Katalog:MANES:  Suchergebnis im Bibliothekskatalog
Schulbuchspezifische Eigenschaften:
Schriftenreihe:Orthos
Tags: Tag hinzufügen
Keine Tags, Fügen Sie den ersten Tag hinzu!
Hinzugefügt zu:26.04.2016
Geändert in:20.11.2024

MARC

LEADER 000000000a22000000004500
001 09918
003 OSt
005 20241121020126.0
008 160427s sp ||||| |||| 00| 0 spa d
040 |c centro_manes 
041 1 |a spa 
691 7 |a PRI 
245 0 0 |a Orthos (2ª Parte). Para aprender simultáneamente Ortografía y Caligrafía. 
260 3 |a Barcelona  |b Salvatella 
300 |a 12 p.  |c 21,5 x 15,5 cm 
440 |a Orthos  |9 5609 
330 |a 7 
690 0 |a EyL 
942 |2 ddc  |c BK 
546 |a España 
999 |c 15892  |d 15892 
999 |c manes:15892  |d 15892